Recognizing of Islam (Record no. 370889)
[ view plain ]
| 000 -LEADER | |
|---|---|
| fixed length control field | 00222 a2200097 4500 |
| 090 ## - LOCALLY ASSIGNED LC-TYPE CALL NUMBER (OCLC); LOCAL CALL NUMBER (RLIN) | |
| -- | 11336 |
| -- | 11336 |
| 100 ## - MAIN ENTRY--PERSONAL NAME | |
| Personal name | Gilsenan, M |
| 245 ## - TITLE STATEMENT | |
| Title | Recognizing of Islam |
| 260 ## - PUBLICATION, DISTRIBUTION, ETC. | |
| Place of publication, distribution, etc. | London |
| Name of publisher, distributor, etc. | Crrom Helm |
| Date of publication, distribution, etc. | |
| 942 ## - ADDED ENTRY ELEMENTS (KOHA) | |
| Institution code [OBSOLETE] | NUST-CAE |
| Koha item type | |
| -- | |
| Withdrawn status | Lost status | Source of classification or shelving scheme | Damaged status | Not for loan | Permanent Location | Current Location | Date acquired | Total Checkouts | Total Renewals | Full call number | Barcode | Date last seen | Date last checked out | Price effective from | Koha item type |
|---|---|---|---|---|---|---|---|---|---|---|---|---|---|---|---|
| School of Civil and Environmental Engineering (SCEE) | School of Civil and Environmental Engineering (SCEE) | 01/16/2020 | 1 | 2 | 306.6 | NIT-9266 | 06/04/2024 | 07/19/2022 | 01/16/2020 |
